000 00404nam a2200169Ia 4500
008 230524s9999 xx 000 0 und d
020 _a9788126549245
082 _a363.34525
_bPAN
100 _aDr.Mrinalini Pandey
245 0 _aDisaster Management
250 _a1
260 _aNew Delhi
_bWiley
_c2014
300 _a"xii,227p;"
500 _aQuantity Number: 9
650 _aCivil
942 _cBK
999 _c60636
_d60636